| 000 | 01550cam a22001934a 4500 | ||
|---|---|---|---|
| 005 | 20250605163520.0 | ||
| 008 | 250528s ||||||||||||||||||||||||d | ||
| 035 | _a20886 | ||
| 020 | _a9789603370710 | ||
| 040 |
_aGR-AtMCL _bgre _dGR-AtMCL _eAACR2 |
||
| 245 | 1 | _aΚώδικας Οδικής Κυκλοφορίας (Κ.Ο.Κ.) / Άτυπη Κωδικοποίηση του Κώδικα Οδικής Κυκλοφορίας | |
| 250 | _a2η | ||
| 260 |
_bΊδρυμα Ευγενίδου _bΥπουργείο Μεταφορών Και Επικοινωνιών, _c2009 |
||
| 300 | _a232 | ||
| 520 | _aΗ Ζωή επιβάλλει τους Κανόνες. Κώδικας Οδικής Κυκλοφορίας (Κ.Ο.Κ.), Οδική Σήμανση και Σηματοδότηση, Κανόνες Οδικής Συμπεριφοράς, Τεχνικές Προδιαγραφές και Απογραφή και Ταξινόμηση και Θέση σε Κυκλοφορία και Οδήγηση Οδικών Οχημάτων, Πίνακας Σχεδίων Πινακιδίων Σήμανσης Οδών, Πίνακες των Άρθρων του Κ.Ο.Κ. (ν. 2696/ 1999), Πίνακας Ποινών Κ.Ο.Κ., Απόφαση Σχετική με το ''Σύστημα Ελέγχου Συμπεριφοράς Οδηγών Αυτοκινήτων - Μοτοσδικλετών και Μοτοποδηλάτων'' - (Σ.Ε.Σ.Ο.), Περιγραφή των Κωδικοποιημένων Νόμων. | ||
| 942 | _cBK | ||
| 999 |
_c5966 _d5966 |
||